header

Where hope takes root (Record no. 163022)

MARC details
000 -LEADER
fixed length control field 01288nam a2200325 a 4500
100 0# - MAIN ENTRY--AUTHOR NAME
Personal name Aga Khan
245 10 - TITLE STATEMENT
Title Where hope takes root
260 ## - PUBLICATION, DISTRIBUTION, ETC. (IMPRINT)
Place of publication Vancouver, B.C. :
Name of publisher Douglas & McIntyre,
Year of publication c2008.
300 ## - PHYSICAL DESCRIPTION
Number of Pages [153] p. :
Other physical details ill., ports. ;
650 #0 - SUBJECT ADDED ENTRY--TOPICAL TERM
Topical Term Democracy.
Topical Term Cultural pluralism.
Topical Term Civil society.
700 1# - ADDED ENTRY--PERSONAL NAME
Personal name Clarkson, Adrienne,
856 40 - ELECTRONIC LOCATION AND ACCESS
Uniform Resource Identifier http://site.ebrary.com/lib/rucke/Doc?id=10312738

No items available.

© 2026 Rongo University
Contact us: librarian | system librarian | Rongo university